000 00433nam a2200169Ia 4500
005 20250521120319.0
008 231217s9999 xx 000 0 und d
020 _a9781441981639
082 _a620.11297 HUM;1 R
100 _aHummel, Rolf E.
245 0 _aElectronic properties of materials
250 _a4th ed.
260 _c2011
_bSpinger
_aNew York
300 _axix, 488
650 _aproperties,materials
942 _cAA
999 _c192968
_d192968